书目信息 |
| 题名: |
柴油机喷雾燃烧光学诊断技术及应用
|
|
| 作者: | 玄铁民 , 何志霞 , 王谦 编著 | |
| 分册: | ||
| 出版信息: | 北京 机械工业出版社 2021.08 |
|
| 页数: | 195页 | |
| 开本: | 24cm | |
| 丛书名: | 内燃机关键技术研究与开发丛书 | |
| 单 册: | ||
| 中图分类: | TK421 | |
| 科图分类: | ||
| 主题词: | 柴油机--chai you ji--喷雾燃烧 | |
| 电子资源: | ||
| ISBN: | 978-7-111-68123-6 | |
| 000 | 01516oam2 2200313 450 | |
| 001 | 011025154503 | |
| 005 | 20221025154503.0 | |
| 010 | @a978-7-111-68123-6@dCNY139.00 | |
| 100 | @a20201004d2021 em y0chiy0120 ea | |
| 101 | 0 | @achi |
| 102 | @aCN@b110000 | |
| 105 | @aa z 000yy | |
| 106 | @ar | |
| 200 | 1 | @a柴油机喷雾燃烧光学诊断技术及应用@Achai you ji pen wu ran shao guang xue zhen duan ji shu ji ying yong@f玄铁民, 何志霞, 王谦编著 |
| 210 | @a北京@c机械工业出版社@d2021.08 | |
| 215 | @a195页@c图@d24cm | |
| 225 | 2 | @a内燃机关键技术研究与开发丛书@Anei ran ji guan jian ji shu yan jiu yu kai fa cong shu |
| 314 | @a玄铁民,男,江苏大学副教授、硕士生导师,江苏省双创博士。 | |
| 314 | @a何志霞,女,江苏大学教授、博士生导师,博士毕业于江苏大学。 | |
| 314 | @a王谦,男,江苏大学教授、博士生导师,享受国务院特殊津贴。 | |
| 330 | @a本书中首先将会按照发动机喷雾燃烧的发展过程,以不同阶段重要的测试参数为目标分章节对各个光学测试技术进行了介绍。其中,综合了传统经典光学诊断技术以及最新发展的一些新技术,分别从原理、光路布置、图像处理和不确定性等方面进行了详细介绍。接下来,对光学技术在静态环境和非静态环境下喷雾燃烧的应用研究,特别是对燃烧工况下的喷雾动力学和碳烟光学诊断测试的研究进行了详尽的阐述。 | |
| 410 | 0 | @12001 @a内燃机关键技术研究与开发丛书 |
| 606 | 0 | @a柴油机@Achai you ji@x喷雾燃烧 |
| 690 | @aTK421@v5 | |
| 696 | @aTK421@v5 | |
| 701 | 0 | @a玄铁民@Axuan tie min@4编著 |
| 701 | 0 | @a何志霞@Ahe zhi xia@4编著 |
| 701 | 0 | @a王谦@Awang qian@4编著 |
| 905 | @a河南城建学院图书馆@dTK421@eX934 | |
| 柴油机喷雾燃烧光学诊断技术及应用/玄铁民, 何志霞, 王谦编著.-北京:机械工业出版社,2021.08 |
| 195页:图;24cm.-(内燃机关键技术研究与开发丛书) |
| ISBN 978-7-111-68123-6:CNY139.00 |
| 本书中首先将会按照发动机喷雾燃烧的发展过程,以不同阶段重要的测试参数为目标分章节对各个光学测试技术进行了介绍。其中,综合了传统经典光学诊断技术以及最新发展的一些新技术,分别从原理、光路布置、图像处理和不确定性等方面进行了详细介绍。接下来,对光学技术在静态环境和非静态环境下喷雾燃烧的应用研究,特别是对燃烧工况下的喷雾动力学和碳烟光学诊断测试的研究进行了详尽的阐述。 |
| ● |
| 相关链接 |
|
|
|
正题名:柴油机喷雾燃烧光学诊断技术及应用
索取号:TK421/X934
 
预约/预借
| 序号 | 登录号 | 条形码 | 馆藏地/架位号 | 状态 | 备注 |
| 1 | 1590414 | 215904145 | 自科库501/501自科库 136排6列6层/ [索取号:TK421/X934] | 在馆 |